000 00761nam a22001937a 4500
003 OSt
005 20240625160603.0
008 240625b ||||| |||| 00| 0 eng d
040 _cAIMIT LIBRARY
100 _aS Sagar.
_e2116150
_9171676
245 _aFInancial performance analysis of shivamogga milk union ltd and bangaluru milk union ltd /
_cBy Sagar S ; Guided by Beena Dias.
260 _aShivamoga ;
_c2023.
650 _aIndustry profile company profile and introduction to study
_9171677
650 _aResearch methodology
_9171678
650 _aData analysis and interpretation
_9171679
700 _aDias, Beena.
_eGuide
_9171680
856 _3Shivamogga davanagere and chitradurga dist co op milk producers socities union ltd /
942 _2ddc
_cPRO
999 _c231322
_d231322